| 000 | 00474 a2200157 4500 | ||
|---|---|---|---|
| 003 | OSt | ||
| 005 | 20240823104747.0 | ||
| 008 | 231018b |||||||| |||| 00| 0 eng d | ||
| 040 | _coclc | ||
| 082 |
_a894.81237 _bPIL/C |
||
| 100 |
_aPillai, Thakazhi Shivashankara _9418 |
||
| 245 |
_aCHEMMEEN / _cThakazhi Shivashankara Pillai |
||
| 260 |
_bVicharam books, _aTrissur: _c2013. |
||
| 300 | _a327p | ||
| 942 |
_2ddc _cBK _h894.81237 _iPIL/C _k894.81237 _mPIL/C |
||
| 999 |
_c42672 _d42672 |
||